Geter pater gitar barangan / (Record no. 88510)

MARC details
000 -LEADER
fixed length control field 00683cam a22002411a 4500
001 - CONTROL NUMBER
control field sa 68018565
003 - CONTROL NUMBER IDENTIFIER
control field DLC
005 - DATE AND TIME OF LATEST TRANSACTION
control field 20260227112713.0
008 - FIXED-LENGTH DATA ELEMENTS--GENERAL INFORMATION
fixed length control field 860506s1965 io a 000 1 jav
010 ## - LIBRARY OF CONGRESS CONTROL NUMBER
LC control number sa 68018565
025 ## - OVERSEAS ACQUISITION NUMBER
Overseas acquisition number PL480:Indo-3142
035 ## - SYSTEM CONTROL NUMBER
System control number (OCoLC)23573816
040 ## - CATALOGING SOURCE
Original cataloging agency DLC
Transcribing agency MiU
Modifying agency WU
-- DLC
042 ## - AUTHENTICATION CODE
Authentication code premarc
050 00 - LIBRARY OF CONGRESS CALL NUMBER
Classification number PL5179.T75
Item number G48
100 0# - MAIN ENTRY--PERSONAL NAME
Personal name Trijana Pr.
245 10 - TITLE STATEMENT
Title Geter pater gitar barangan /
Statement of responsibility, etc. rinipta déning Trijana Pr.; gambar L.M.B. Soemantri.
260 ## - PUBLICATION, DISTRIBUTION, ETC.
Place of publication, distribution, etc. Solo :
Name of publisher, distributor, etc. Mutiara Press,
Date of publication, distribution, etc. [1965]
300 ## - PHYSICAL DESCRIPTION
Extent 40 p. :
Other physical details ill. ;
Dimensions 14 cm.
440 #0 - SERIES STATEMENT/ADDED ENTRY--TITLE
Title Buku saku Mutiara
546 ## - LANGUAGE NOTE
Language note In Javanese.
500 ## - GENERAL NOTE
General note At head of title : Fiction.

No items available.

Powered by Koha